LDR 00692naa#a2200181#i#450# 001 EN\\bibl\120552 005 20260417220003.5 011 ## _a2073-5537 100 ## _a20260416b2026####ek#y0engy0150####ca 102 ## _aRU 200 1# _aThe impact of the state's economic policy on the development of digitalization in the regions on the example of the city of Shenzhen, China _eJournal article 210 1# _aAstrakhan _cAstrakhan State Technical University _d2026 215 ## _a6 с. 608 ## _aJournal article _2local 675 ## _aЦели региональной экономической политики. 332.142 _z 700 #1 _aDadalko _gVasily Alexandrovich 700 #1 _aSun _gLe 856 4# _avestnik.astu.org _u